00289nam a2200109Ia 4500008004100000100002300041245003600064260000900100300003300109440002400142650001300166180117s9999 xx 000 0 und d aby Marky Ramone Go aWhy Backpack in the Philippines c2016 a10-14 pages, 2016 January 24 aPhilippine Panorama aBACKPACK